000
00214nam a2200097Ia 4500
008
190216s9999||||xx |||||||||||||| ||und||
100
_a
Null
245
0
_a
Naseerathu Fee Sarathul Hijarath
260
_b
Null
942
_c
BK
999
_c
167
_d
167